[Event "Portugal Open Semirrapidas"]
[Site "Lisboa POR"]
[Date "2020.02.02"]
[Round "4.9"]
[White "SANTOS, Jose Guilherme"]
[Black "MOTYLEV, Alexander"]
[Result "0-1"]
[BlackElo "2711"]
[WhiteElo "2135"]
[LiveChessVersion "1.4.8"]

1. c4 {[%clk 0:15:07]} Nf6 {[%clk 0:15:04]} 2. Nc3 {[%clk 0:15:11]} e5
{[%clk 0:15:07]} 3. Nf3 {[%clk 0:15:12]} Nc6 {[%clk 0:15:11]} 4. e4
{[%clk 0:15:15]} Bb4 {[%clk 0:15:04]} 5. d3 {[%clk 0:15:19]} d6 {[%clk 0:15:06]}
6. Be2 {[%clk 0:15:22]} a5 {[%clk 0:14:35]} 7. O-O {[%clk 0:15:21]} Bc5
{[%clk 0:14:39]} 8. h3 {[%clk 0:14:52]} h6 {[%clk 0:14:14]} 9. Be3
{[%clk 0:14:51]} Nd4 {[%clk 0:13:08]} 10. Nb5 {[%clk 0:12:11]} Ne6
{[%clk 0:11:32]} 11. Nc3 {[%clk 0:11:52]} O-O {[%clk 0:05:57]} 12. d4
{[%clk 0:11:38]} exd4 {[%clk 0:05:55]} 13. Nxd4 {[%clk 0:11:41]} Bb4
{[%clk 0:05:58]} 14. Nxe6 {[%clk 0:09:59]} Bxe6 {[%clk 0:06:00]} 15. Qc2
{[%clk 0:10:01]} Bxc3 {[%clk 0:06:00]} 16. bxc3 {[%clk 0:10:05]} Re8
{[%clk 0:05:01]} 17. c5 {[%clk 0:09:38]} Bd7 {[%clk 0:04:29]} 18. cxd6
{[%clk 0:08:47]} cxd6 {[%clk 0:04:33]} 19. Bd3 {[%clk 0:07:22]} Bc6
{[%clk 0:04:24]} 20. Rfe1 {[%clk 0:07:25]} Bxe4 {[%clk 0:03:55]} 21. Bxe4
{[%clk 0:07:28]} Rxe4 {[%clk 0:03:58]} 22. Bd4 {[%clk 0:07:01]} Qe7
{[%clk 0:03:49]} 23. Rxe4 {[%clk 0:07:04]} Qxe4 {[%clk 0:03:53]} 24. Qxe4
{[%clk 0:06:54]} Nxe4 {[%clk 0:03:57]} 25. Re1 {[%clk 0:05:51]} Nc5
{[%clk 0:02:47]} 26. Bxc5 {[%clk 0:05:16]} dxc5 {[%clk 0:02:52]} 27. Re7
{[%clk 0:05:16]} Rb8 {[%clk 0:02:41]} 28. Rc7 {[%clk 0:05:02]} b6
{[%clk 0:02:42]} 29. Kf1 {[%clk 0:03:55]} Re8 {[%clk 0:02:45]} 30. Rb7
{[%clk 0:03:31]} Re6 {[%clk 0:02:48]} 31. g3 {[%clk 0:03:31]} g5 {[%clk 0:02:45]}
32. Kg2 {[%clk 0:03:27]} Kg7 {[%clk 0:02:42]} 33. Kf3 {[%clk 0:03:26]} h5
{[%clk 0:02:43]} 34. Rb8 {[%clk 0:03:03]} Kf6 {[%clk 0:01:43]} 35. Rh8
{[%clk 0:02:13]} Kg6 {[%clk 0:01:47]} 36. Rg8+ {[%clk 0:02:03]} Kf5
{[%clk 0:01:51]} 37. g4+ {[%clk 0:02:07]} hxg4+ {[%clk 0:01:54]} 38. hxg4+
{[%clk 0:02:12]} Kf6 {[%clk 0:01:58]} 39. Rb8 {[%clk 0:02:12]} Ke5
{[%clk 0:01:56]} 40. Ke3 {[%clk 0:00:24]} Kd5+ {[%clk 0:02:00]} 41. Kd3
{[%clk 0:00:28]} Rf6 {[%clk 0:01:54]} 42. a4 {[%clk 0:00:22]} Rxf2
{[%clk 0:01:34]} 43. Rxb6 {[%clk 0:00:26]} Rf4 {[%clk 0:01:38]} 44. Rb7
{[%clk 0:00:17]} f6 {[%clk 0:01:24]} 45. Rd7+ {[%clk 0:00:16]} Ke6
{[%clk 0:01:21]} 46. Rc7 {[%clk 0:00:08]} Rxg4 {[%clk 0:01:14]} 47. c4
{[%clk 0:00:09]} Rd4+ {[%clk 0:00:54]} 48. Kc3 {[%clk 0:00:13]} g4
{[%clk 0:00:44]} 49. Rxc5 {[%clk 0:00:17]} Rd1 {[%clk 0:00:48]} 50. Kc2
{[%clk 0:00:08]} Ra1 {[%clk 0:00:47]} 51. Rc8 {[%clk 0:00:10]} g3
{[%clk 0:00:41]} 52. Rg8 {[%clk 0:00:13]} g2 {[%clk 0:00:44]} 0-1

[Event "Portugal Open Semirrapidas"]
[Site "Lisboa POR"]
[Date "2020.02.02"]
[Round "4.10"]
[White "GRIGORYAN, Karen H."]
[Black "SARKAR, Justin"]
[Result "1-0"]
[BlackElo "2240"]
[WhiteElo "2667"]
[LiveChessVersion "1.4.8"]

1. Nf3 {[%clk 0:15:03]} d5 {[%clk 0:15:03]} 2. g3 {[%clk 0:15:06]} g6
{[%clk 0:15:00]} 3. c4 {[%clk 0:15:07]} d4 {[%clk 0:14:48]} 4. b4
{[%clk 0:15:08]} a5 {[%clk 0:14:02]} 5. b5 {[%clk 0:15:10]} c5 {[%clk 0:13:50]}
6. bxc6 {[%clk 0:15:12]} Nxc6 {[%clk 0:13:46]} 7. d3 {[%clk 0:15:15]} e5
{[%clk 0:13:29]} 8. Bg2 {[%clk 0:15:15]} Bb4+ {[%clk 0:13:14]} 9. Bd2
{[%clk 0:15:12]} Nf6 {[%clk 0:12:34]} 10. O-O {[%clk 0:15:13]} O-O
{[%clk 0:12:27]} 11. Bg5 {[%clk 0:14:58]} Be7 {[%clk 0:12:18]} 12. Bxf6
{[%clk 0:14:41]} Bxf6 {[%clk 0:12:21]} 13. Na3 {[%clk 0:14:44]} Bf5
{[%clk 0:09:14]} 14. Nd2 {[%clk 0:14:44]} h5 {[%clk 0:09:08]} 15. Nb5
{[%clk 0:14:26]} h4 {[%clk 0:08:53]} 16. c5 {[%clk 0:14:24]} Be7 {[%clk 0:08:49]}
17. Rc1 {[%clk 0:14:25]} Kg7 {[%clk 0:08:23]} 18. a4 {[%clk 0:13:43]} hxg3
{[%clk 0:06:54]} 19. hxg3 {[%clk 0:13:44]} Rh8 {[%clk 0:06:57]} 20. Nd6
{[%clk 0:12:53]} Bxd6 {[%clk 0:06:33]} 21. cxd6 {[%clk 0:12:56]} Qxd6
{[%clk 0:04:55]} 22. Ne4 {[%clk 0:12:18]} Qe7 {[%clk 0:04:26]} 23. Qc2
{[%clk 0:10:44]} Rh6 {[%clk 0:03:36]} 24. Qc5 {[%clk 0:10:41]} Qe6
{[%clk 0:01:33]} 25. Qd6 {[%clk 0:10:23]} Nb4 {[%clk 0:01:23]} 26. Rc7
{[%clk 0:09:53]} Rah8 {[%clk 0:00:15]} 27. Qxe6 {[%clk 0:09:39]} Bxe6
{[%clk 0:00:19]} 28. Ng5 {[%clk 0:09:27]} Ba2 {[%clk 0:00:19]} 29. f4
{[%clk 0:09:18]} exf4 {[%clk 0:00:07]} 30. Rxf4 {[%clk 0:09:21]} Rf8
{[%clk 0:00:06]} 31. Rxd4 {[%clk 0:09:20]} b6 {[%clk 0:00:08]} 32. Rd6
{[%clk 0:09:18]} Rh5 {[%clk 0:00:09]} 33. Ne6+ {[%clk 0:09:13]} Bxe6
{[%clk 0:00:12]} 34. Rxe6 {[%clk 0:09:17]} Nd5 {[%clk 0:00:08]} 35. Rb7
{[%clk 0:09:10]} Nc3 {[%clk 0:00:07]} 36. Bf3 {[%clk 0:08:40]} Rg5
{[%clk 0:00:07]} 37. Rexb6 {[%clk 0:08:43]} Nxa4 {[%clk 0:00:09]} 38. Rb5
{[%clk 0:08:44]} Rxg3+ {[%clk 0:00:08]} 39. Kh2 {[%clk 0:08:46]} 1-0

[Event "Portugal Open Semirrapidas"]
[Site "Lisboa POR"]
[Date "2020.02.02"]
[Round "4.11"]
[White "PETROV, Nikita"]
[Black "BABA, Masahiro"]
[Result "1-0"]
[BlackElo "2274"]
[WhiteElo "2590"]
[LiveChessVersion "1.4.8"]

1. c4 {[%clk 0:15:07]} e5 {[%clk 0:15:04]} 2. g3 {[%clk 0:15:08]} Nc6
{[%clk 0:15:04]} 3. Bg2 {[%clk 0:15:11]} Bc5 {[%clk 0:15:07]} 4. Nc3
{[%clk 0:15:14]} d6 {[%clk 0:15:10]} 5. e3 {[%clk 0:15:16]} a6 {[%clk 0:15:13]}
6. Nge2 {[%clk 0:15:19]} h5 {[%clk 0:15:06]} 7. d4 {[%clk 0:14:35]} Ba7
{[%clk 0:15:09]} 8. h3 {[%clk 0:14:38]} h4 {[%clk 0:15:12]} 9. g4
{[%clk 0:14:42]} f5 {[%clk 0:15:10]} 10. f3 {[%clk 0:14:46]} Nf6 {[%clk 0:13:43]}
11. O-O {[%clk 0:13:59]} O-O {[%clk 0:10:47]} 12. Kh1 {[%clk 0:13:58]} Qe7
{[%clk 0:08:54]} 13. d5 {[%clk 0:10:46]} Nd8 {[%clk 0:08:57]} 14. e4
{[%clk 0:10:18]} f4 {[%clk 0:08:33]} 15. Qe1 {[%clk 0:10:09]} Nh7
{[%clk 0:07:59]} 16. Bd2 {[%clk 0:09:06]} Rb8 {[%clk 0:07:46]} 17. Rc1
{[%clk 0:08:45]} Nf7 {[%clk 0:07:06]} 18. a4 {[%clk 0:08:31]} Nfg5
{[%clk 0:04:23]} 19. b4 {[%clk 0:08:19]} Rf6 {[%clk 0:04:10]} 20. Rc2
{[%clk 0:07:30]} Bd7 {[%clk 0:04:11]} 21. Kh2 {[%clk 0:07:13]} Rbf8
{[%clk 0:04:04]} 22. Nc1 {[%clk 0:07:12]} Rh6 {[%clk 0:03:52]} 23. Nb3
{[%clk 0:06:12]} Nf6 {[%clk 0:03:28]} 24. Qe2 {[%clk 0:05:45]} Qf7
{[%clk 0:02:08]} 25. c5 {[%clk 0:05:04]} Nh5 {[%clk 0:01:57]} 26. gxh5
{[%clk 0:04:42]} Qxh5 {[%clk 0:02:00]} 27. c6 {[%clk 0:04:27]} bxc6
{[%clk 0:02:00]} 28. dxc6 {[%clk 0:04:30]} Be6 {[%clk 0:02:00]} 29. Nd5
{[%clk 0:04:12]} Kh8 {[%clk 0:01:46]} 30. Qxa6 {[%clk 0:03:29]} Bxh3
{[%clk 0:00:52]} 31. Bxh3 {[%clk 0:02:47]} Nxh3 {[%clk 0:00:56]} 32. Kxh3
{[%clk 0:02:21]} Rg6 {[%clk 0:00:57]} 33. Qxa7 {[%clk 0:01:49]} Rg3+
{[%clk 0:00:57]} 34. Kh2 {[%clk 0:01:53]} h3 {[%clk 0:00:49]} 35. Be1
{[%clk 0:01:38]} Qg5 {[%clk 0:00:19]} 36. Rg1 {[%clk 0:01:24]} 1-0

[Event "Portugal Open Semirrapidas"]
[Site "Lisboa POR"]
[Date "2020.02.02"]
[Round "4.12"]
[White "JARACZ, Pawel"]
[Black "VASLI, Aref"]
[Result "1-0"]
[BlackElo "2202"]
[WhiteElo "2434"]
[LiveChessVersion "1.4.8"]

1. e4 {[%clk 0:15:08]} e5 {[%clk 0:15:08]} 2. Nf3 {[%clk 0:15:12]} Nc6
{[%clk 0:15:12]} 3. Bb5 {[%clk 0:15:15]} a6 {[%clk 0:15:16]} 4. Ba4
{[%clk 0:15:19]} Nf6 {[%clk 0:15:19]} 5. O-O {[%clk 0:15:17]} Be7
{[%clk 0:15:23]} 6. Re1 {[%clk 0:15:20]} b5 {[%clk 0:15:27]} 7. Bb3
{[%clk 0:15:24]} d6 {[%clk 0:15:31]} 8. c3 {[%clk 0:15:28]} O-O {[%clk 0:15:33]}
9. h3 {[%clk 0:15:32]} Bb7 {[%clk 0:15:38]} 10. d4 {[%clk 0:15:35]} Re8
{[%clk 0:15:42]} 11. Nbd2 {[%clk 0:15:35]} exd4 {[%clk 0:15:45]} 12. cxd4
{[%clk 0:15:38]} Nd7 {[%clk 0:15:49]} 13. Nf1 {[%clk 0:14:57]} Na5
{[%clk 0:15:51]} 14. Bc2 {[%clk 0:15:01]} Bf6 {[%clk 0:15:55]} 15. Ng3
{[%clk 0:15:01]} g6 {[%clk 0:15:51]} 16. b3 {[%clk 0:14:03]} c5 {[%clk 0:15:49]}
17. Bb2 {[%clk 0:14:07]} Nc6 {[%clk 0:15:53]} 18. Qd2 {[%clk 0:14:04]} cxd4
{[%clk 0:14:43]} 19. Nxd4 {[%clk 0:14:06]} Qb6 {[%clk 0:14:40]} 20. Rad1
{[%clk 0:14:08]} Rad8 {[%clk 0:11:48]} 21. Kh2 {[%clk 0:13:53]} d5
{[%clk 0:07:08]} 22. Nxc6 {[%clk 0:13:23]} Bxc6 {[%clk 0:07:03]} 23. Bxf6
{[%clk 0:12:18]} Nxf6 {[%clk 0:07:05]} 24. e5 {[%clk 0:12:20]} Ne4
{[%clk 0:06:30]} 25. Bxe4 {[%clk 0:12:24]} dxe4 {[%clk 0:06:33]} 26. Qf4
{[%clk 0:12:25]} Rxd1 {[%clk 0:06:20]} 27. Rxd1 {[%clk 0:12:29]} Qc5
{[%clk 0:05:19]} 28. Rd6 {[%clk 0:12:27]} a5 {[%clk 0:05:03]} 29. h4
{[%clk 0:11:45]} b4 {[%clk 0:02:17]} 30. h5 {[%clk 0:11:45]} e3 {[%clk 0:01:10]}
31. fxe3 {[%clk 0:11:26]} Qc2 {[%clk 0:01:13]} 32. e4 {[%clk 0:11:26]} Qc5
{[%clk 0:00:38]} 33. h6 {[%clk 0:11:01]} Bb5 {[%clk 0:00:40]} 34. Rd5
{[%clk 0:10:00]} Qb6 {[%clk 0:00:44]} 35. Qf6 {[%clk 0:09:17]} Qxf6 36. exf6
{[%clk 0:09:21]} Rb8 {[%clk 0:00:52]} 37. e5 {[%clk 0:08:38]} a4 {[%clk 0:00:57]}
38. bxa4 {[%clk 0:08:38]} Bxa4 {[%clk 0:00:57]} 39. Rc5 {[%clk 0:07:36]} Bd7
{[%clk 0:00:35]} 40. Ne4 {[%clk 0:07:29]} Be6 {[%clk 0:00:39]} 41. Ra5
{[%clk 0:07:34]} Rc8 {[%clk 0:00:26]} 42. Ng5 {[%clk 0:07:30]} Bc4
{[%clk 0:00:25]} 43. Kg3 {[%clk 0:07:30]} Rd8 {[%clk 0:00:24]} 44. Kf4
{[%clk 0:07:28]} Rd4+ {[%clk 0:00:28]} 45. Ke3 {[%clk 0:07:31]} Rd3+
{[%clk 0:00:32]} 46. Ke4 {[%clk 0:07:35]} Ra3 {[%clk 0:00:36]} 47. Rc5
{[%clk 0:07:27]} Bd3+ {[%clk 0:00:40]} 48. Kd4 {[%clk 0:07:30]} Bf5
{[%clk 0:00:45]} 49. Rb5 {[%clk 0:07:26]} Rd3+ {[%clk 0:00:36]} 50. Kc4
{[%clk 0:07:14]} Rc3+ {[%clk 0:00:28]} 51. Kxb4 {[%clk 0:07:18]} Rc8
{[%clk 0:00:32]} 52. Rb6 {[%clk 0:07:12]} Bd7 {[%clk 0:15:05]} 1-0

[Event "Portugal Open Semirrapidas"]
[Site "Lisboa POR"]
[Date "2020.02.02"]
[Round "4.13"]
[White "SOUSA, Andre V"]
[Black "LOFFNER, Stefan"]
[Result "1/2-1/2"]
[BlackElo "2411"]
[WhiteElo "2281"]
[LiveChessVersion "1.4.8"]

1. Nf3 {[%clk 0:15:06]} Nf6 {[%clk 0:14:30]} 2. g3 {[%clk 0:15:09]} g6
{[%clk 0:14:05]} 3. Bg2 {[%clk 0:15:13]} c5 {[%clk 0:14:09]} 4. O-O
{[%clk 0:15:14]} Nc6 {[%clk 0:14:01]} 5. d4 {[%clk 0:14:39]} cxd4
{[%clk 0:13:54]} 6. Nxd4 {[%clk 0:14:43]} h5 {[%clk 0:13:54]} 7. Bg5
{[%clk 0:14:34]} Bg7 {[%clk 0:13:48]} 8. Nc3 {[%clk 0:14:31]} Qa5
{[%clk 0:12:20]} 9. h4 {[%clk 0:14:16]} Ng4 {[%clk 0:10:19]} 10. Nb3
{[%clk 0:14:06]} Qd8 {[%clk 0:10:09]} 11. Nd5 {[%clk 0:13:41]} Bxb2
{[%clk 0:09:51]} 12. Rb1 {[%clk 0:13:19]} Bg7 {[%clk 0:09:53]} 13. Nc5
{[%clk 0:13:23]} f6 {[%clk 0:09:40]} 14. Nxb7 {[%clk 0:12:02]} Bxb7
{[%clk 0:09:42]} 15. Rxb7 {[%clk 0:12:06]} Rc8 {[%clk 0:09:08]} 16. Bf4
{[%clk 0:11:52]} Nge5 {[%clk 0:09:11]} 17. Bd2 {[%clk 0:11:05]} O-O
{[%clk 0:08:42]} 18. f4 {[%clk 0:11:08]} Ng4 {[%clk 0:06:19]} 19. e4
{[%clk 0:11:03]} Rb8 {[%clk 0:05:19]} 20. Qb1 {[%clk 0:10:29]} Nd4
{[%clk 0:05:17]} 21. Bf3 {[%clk 0:09:30]} e6 {[%clk 0:04:40]} 22. Ne3
{[%clk 0:08:02]} f5 {[%clk 0:04:44]} 23. e5 {[%clk 0:07:52]} Rxb7
{[%clk 0:04:38]} 24. Qxb7 {[%clk 0:07:50]} d6 {[%clk 0:04:43]} 25. exd6
{[%clk 0:06:42]} Qxd6 {[%clk 0:04:38]} 26. Bb4 {[%clk 0:05:32]} Nxf3+
{[%clk 0:03:52]} 27. Rxf3 {[%clk 0:05:36]} Qb8 {[%clk 0:02:30]} 28. Qxb8
{[%clk 0:04:26]} Rxb8 {[%clk 0:02:30]} 29. Bc5 {[%clk 0:03:54]} Rb2
{[%clk 0:01:38]} 30. Nxg4 {[%clk 0:03:00]} hxg4 {[%clk 0:01:41]} 31. Ra3
{[%clk 0:03:01]} Rxc2 {[%clk 0:01:38]} 32. Bxa7 {[%clk 0:03:05]} Bc3 33. Bf2
{[%clk 0:02:55]} Rc1+ {[%clk 0:00:32]} 34. Kg2 {[%clk 0:02:58]} Rc2
{[%clk 0:00:36]} 1/2-1/2

[Event "Portugal Open Semirrapidas"]
[Site "Lisboa POR"]
[Date "2020.02.02"]
[Round "4.14"]
[White "CAMPORA, Daniel"]
[Black "NOGUEIRA, Nelson"]
[Result "1-0"]
[BlackElo "2132"]
[WhiteElo "2367"]
[LiveChessVersion "1.4.8"]

1. e4 {[%clk 0:15:07]} d6 {[%clk 0:15:07]} 2. d4 {[%clk 0:15:11]} Nf6
{[%clk 0:15:10]} 3. Nc3 {[%clk 0:15:14]} g6 {[%clk 0:15:13]} 4. Bg5
{[%clk 0:15:17]} Bg7 {[%clk 0:15:12]} 5. e5 {[%clk 0:15:20]} Nfd7
{[%clk 0:14:16]} 6. exd6 {[%clk 0:14:40]} cxd6 {[%clk 0:14:16]} 7. Nf3
{[%clk 0:14:43]} Nf6 {[%clk 0:13:36]} 8. Bb5+ {[%clk 0:14:11]} Bd7
{[%clk 0:11:51]} 9. O-O {[%clk 0:13:50]} Bxb5 {[%clk 0:11:19]} 10. Nxb5
{[%clk 0:13:53]} O-O {[%clk 0:10:58]} 11. c4 {[%clk 0:13:34]} h6 {[%clk 0:10:18]}
12. Be3 {[%clk 0:13:16]} a6 {[%clk 0:09:49]} 13. Nc3 {[%clk 0:13:09]} Nbd7
{[%clk 0:08:00]} 14. h3 {[%clk 0:13:01]} Rc8 15. Qd2 {[%clk 0:12:45]} Kh7
{[%clk 0:07:34]} 16. b3 {[%clk 0:12:45]} Qa5 {[%clk 0:05:03]} 17. a3
{[%clk 0:10:51]} Rfe8 {[%clk 0:03:53]} 18. Rfd1 e5 19. dxe5 {[%clk 0:10:48]} dxe5
{[%clk 0:03:30]} 20. b4 {[%clk 0:08:59]} Qc7 21. c5 Nb8 {[%clk 0:02:54]} 22. Qd6
{[%clk 0:08:12]} Nc6 {[%clk 0:01:55]} 23. Rac1 {[%clk 0:08:00]} Qe7
{[%clk 0:01:41]} 24. Nd5 {[%clk 0:05:25]} Nxd5 {[%clk 0:01:16]} 25. Rxd5
{[%clk 0:05:27]} Bf8 {[%clk 0:00:59]} 26. Qxe7 {[%clk 0:05:15]} Rxe7
{[%clk 0:00:59]} 27. Rcd1 {[%clk 0:05:09]} Rcc7 {[%clk 0:00:50]} 28. Nd2
{[%clk 0:04:43]} f6 {[%clk 0:00:19]} 29. Nc4 {[%clk 0:04:18]} Kg7
{[%clk 0:00:20]} 30. f4 {[%clk 0:03:46]} Kf7 {[%clk 0:00:08]} 31. g4
{[%clk 0:03:18]} g5 {[%clk 0:00:12]} 32. fxe5 {[%clk 0:03:01]} Nxe5
{[%clk 0:00:09]} 33. Nd6+ {[%clk 0:02:22]} Ke6 {[%clk 0:00:09]} 34. Kg2
{[%clk 0:02:18]} Red7 {[%clk 0:00:13]} 35. R5d2 {[%clk 0:02:03]} Rc6
{[%clk 0:00:15]} 36. Nf5 {[%clk 0:01:59]} Rxd2+ {[%clk 0:00:15]} 37. Rxd2
{[%clk 0:02:04]} Nc4 {[%clk 0:00:19]} 38. Rd3 {[%clk 0:01:59]} Nxe3+
{[%clk 0:00:15]} 39. Rxe3+ {[%clk 0:02:00]} Kf7 {[%clk 0:00:19]} 40. Kf3
{[%clk 0:02:01]} a5 {[%clk 0:00:19]} 41. Rd3 {[%clk 0:01:56]} axb4
{[%clk 0:00:20]} 42. axb4 {[%clk 0:02:00]} Rc7 {[%clk 0:00:20]} 43. Ke4
{[%clk 0:01:52]} Ke8 {[%clk 0:00:11]} 44. Kd5 {[%clk 0:01:39]} Rd7+
{[%clk 0:00:13]} 45. Nd6+ {[%clk 0:01:37]} Kd8 1-0

[Event "Portugal Open Semirrapidas"]
[Site "Lisboa POR"]
[Date "2020.02.02"]
[Round "4.15"]
[White "SAVANOVIC, Aleksandar"]
[Black "SIMOES, Miguel"]
[Result "1-0"]
[BlackElo "1923"]
[WhiteElo "2346"]
[LiveChessVersion "1.4.8"]

1. e4 {[%clk 0:15:10]} e5 {[%clk 0:15:08]} 2. Nf3 {[%clk 0:15:13]} Nc6
{[%clk 0:15:10]} 3. Bb5 {[%clk 0:15:16]} a6 {[%clk 0:15:14]} 4. Ba4
{[%clk 0:15:20]} Nf6 {[%clk 0:15:10]} 5. O-O {[%clk 0:15:23]} b5 {[%clk 0:15:13]}
6. Bb3 {[%clk 0:15:26]} Be7 {[%clk 0:15:17]} 7. Re1 {[%clk 0:15:30]} O-O
{[%clk 0:15:20]} 8. c3 {[%clk 0:15:34]} d6 {[%clk 0:15:24]} 9. h3
{[%clk 0:15:37]} Nb8 {[%clk 0:15:05]} 10. d4 {[%clk 0:15:39]} Nbd7
{[%clk 0:15:09]} 11. Nbd2 {[%clk 0:15:43]} c5 {[%clk 0:14:47]} 12. Nf1
{[%clk 0:15:26]} Re8 {[%clk 0:14:14]} 13. Ng3 {[%clk 0:13:55]} g6
{[%clk 0:14:03]} 14. Bh6 {[%clk 0:13:48]} Bb7 {[%clk 0:13:15]} 15. Qd2
{[%clk 0:12:25]} c4 {[%clk 0:11:15]} 16. Bc2 {[%clk 0:12:28]} Kh8
{[%clk 0:10:38]} 17. Ng5 {[%clk 0:11:56]} Kg8 {[%clk 0:10:22]} 18. f4
{[%clk 0:11:58]} Bf8 {[%clk 0:10:02]} 19. Bxf8 {[%clk 0:11:44]} Rxf8
{[%clk 0:10:05]} 20. Rf1 {[%clk 0:10:37]} Qe7 {[%clk 0:09:44]} 21. Rae1
{[%clk 0:10:38]} Rae8 {[%clk 0:09:40]} 22. b3 {[%clk 0:09:51]} exf4
{[%clk 0:07:35]} 23. Qxf4 {[%clk 0:09:41]} h6 {[%clk 0:06:51]} 24. Nf3
{[%clk 0:09:42]} Kg7 {[%clk 0:06:51]} 25. Nh4 {[%clk 0:09:39]} Kh7
{[%clk 0:05:57]} 26. Nhf5 {[%clk 0:09:34]} g5 {[%clk 0:05:46]} 27. Qc1
{[%clk 0:09:05]} Qe6 {[%clk 0:05:46]} 28. Nxd6 {[%clk 0:08:54]} cxb3
{[%clk 0:05:30]} 29. axb3 {[%clk 0:08:56]} 1-0

[Event "Portugal Open Semirrapidas"]
[Site "Lisboa POR"]
[Date "2020.02.02"]
[Round "4.16"]
[White "TABOAS RODRIGUEZ, Daniel"]
[Black "MONTEIRO, Paulo"]
[Result "1/2-1/2"]
[BlackElo "1849"]
[WhiteElo "2411"]
[LiveChessVersion "1.4.8"]

1. d4 {[%clk 0:15:10]} Nf6 {[%clk 0:15:08]} 2. Nf3 {[%clk 0:15:14]} g6
{[%clk 0:15:11]} 3. c4 {[%clk 0:15:18]} Bg7 {[%clk 0:15:13]} 4. Nc3
{[%clk 0:15:22]} O-O {[%clk 0:15:14]} 5. e4 {[%clk 0:15:26]} d6 {[%clk 0:15:18]}
6. Be2 {[%clk 0:15:30]} e5 {[%clk 0:15:19]} 7. dxe5 {[%clk 0:15:34]} dxe5
{[%clk 0:15:21]} 8. Qxd8 {[%clk 0:15:37]} Rxd8 {[%clk 0:15:24]} 9. Bg5
{[%clk 0:15:41]} Re8 {[%clk 0:15:13]} 10. Nd5 {[%clk 0:15:45]} Nxd5
{[%clk 0:15:02]} 11. cxd5 {[%clk 0:15:49]} c6 {[%clk 0:14:57]} 12. Bc4
{[%clk 0:15:53]} cxd5 {[%clk 0:14:34]} 13. Bxd5 {[%clk 0:15:57]} Na6
{[%clk 0:14:29]} 14. O-O-O {[%clk 0:15:50]} Nc7 {[%clk 0:14:09]} 15. Bb3
{[%clk 0:15:48]} Be6 {[%clk 0:14:12]} 16. Bxe6 {[%clk 0:15:38]} Nxe6
{[%clk 0:14:14]} 17. Be3 {[%clk 0:15:41]} Nd4 {[%clk 0:12:58]} 18. Bxd4
{[%clk 0:15:34]} exd4 {[%clk 0:13:01]} 19. Rhe1 {[%clk 0:15:38]} Rac8+
{[%clk 0:12:14]} 20. Kb1 {[%clk 0:13:04]} Rc4 {[%clk 0:09:52]} 21. b3
{[%clk 0:12:40]} Rb4 {[%clk 0:09:49]} 22. Rd3 {[%clk 0:10:36]} a5
{[%clk 0:09:04]} 23. a3 {[%clk 0:10:38]} Rb6 {[%clk 0:09:06]} 24. e5
{[%clk 0:05:41]} Rb5 {[%clk 0:05:22]} 25. a4 {[%clk 0:04:52]} Rd5
{[%clk 0:05:18]} 26. Rxd4 {[%clk 0:04:31]} Rxd4 {[%clk 0:05:08]} 27. Nxd4
{[%clk 0:04:35]} Rxe5 {[%clk 0:05:01]} 28. Rxe5 {[%clk 0:04:37]} Bxe5
{[%clk 0:05:05]} 29. Nf3 {[%clk 0:04:35]} Bc7 {[%clk 0:04:58]} 30. Kc2
{[%clk 0:02:31]} Bb6 {[%clk 0:04:55]} 31. Ne5 {[%clk 0:02:20]} Bxf2
{[%clk 0:04:48]} 32. Nc4 {[%clk 0:02:22]} b6 {[%clk 0:04:32]} 33. Kd3
{[%clk 0:02:15]} f5 {[%clk 0:04:26]} 34. Ne5 {[%clk 0:02:01]} Kg7
{[%clk 0:04:09]} 35. Kc4 {[%clk 0:02:05]} Kf6 {[%clk 0:04:08]} 36. Kd5
{[%clk 0:02:09]} Bg1 {[%clk 0:03:44]} 37. Nf3 {[%clk 0:02:13]} Bc5
{[%clk 0:03:43]} 38. Nd2 {[%clk 0:01:23]} g5 {[%clk 0:03:33]} 39. h3
{[%clk 0:01:15]} h5 {[%clk 0:03:26]} 40. Nf3 {[%clk 0:01:01]} g4 {[%clk 0:03:18]}
41. Ne5 {[%clk 0:01:05]} Kg5 {[%clk 0:02:31]} 42. Nd3 {[%clk 0:01:04]} Be3
{[%clk 0:02:28]} 43. hxg4 {[%clk 0:01:06]} fxg4 {[%clk 0:02:19]} 44. Ke4
{[%clk 0:01:09]} Bc5 {[%clk 0:02:17]} 45. Nf4 {[%clk 0:00:50]} h4
{[%clk 0:01:51]} 46. Ne6+ {[%clk 0:00:54]} Kh5 {[%clk 0:01:30]} 47. Nf4+
{[%clk 0:00:51]} Kg5 {[%clk 0:01:31]} 48. Ne6+ {[%clk 0:00:55]} Kf6
{[%clk 0:01:26]} 49. Nf4 {[%clk 0:00:56]} Bg1 {[%clk 0:00:46]} 50. Nh5+
{[%clk 0:00:13]} Kg5 {[%clk 0:00:45]} 51. Nf4 {[%clk 0:00:17]} Bh2
{[%clk 0:00:14]} 52. Ne2 {[%clk 0:00:12]} Bc7 {[%clk 0:00:15]} 53. Ng1
{[%clk 0:00:13]} Bd6 {[%clk 0:00:15]} 54. Kd5 {[%clk 0:00:15]} Bc5
{[%clk 0:00:19]} 55. Ne2 {[%clk 0:00:13]} h3 {[%clk 0:00:21]} 56. gxh3
{[%clk 0:00:14]} gxh3 {[%clk 0:00:25]} 57. Ke4 {[%clk 0:00:14]} Bf2
{[%clk 0:00:17]} 58. Kf3 {[%clk 0:00:18]} h2 {[%clk 0:00:21]} 59. Kg2
{[%clk 0:00:21]} Bg1 {[%clk 0:00:23]} 60. Nxg1 {[%clk 0:00:20]} hxg1=Q+
{[%clk 0:00:25]} 61. Kxg1 {[%clk 0:00:24]} Kf4 {[%clk 0:00:29]} 62. Kf2
{[%clk 0:00:28]} Ke4 63. Ke2 Kd4 {[%clk 0:00:37]} 64. Kd2 {[%clk 0:00:37]} Kc5
{[%clk 0:00:22]} 65. Kc3 {[%clk 0:00:41]} b5 {[%clk 0:00:26]} 66. axb5 1/2-1/2

[Event "Portugal Open Semirrapidas"]
[Site "Lisboa POR"]
[Date "2020.02.02"]
[Round "4.17"]
[White "PORTEMAN, Eric"]
[Black "VEIGA, Francisco"]
[Result "0-1"]
[BlackElo "2370"]
[WhiteElo "1921"]
[LiveChessVersion "1.4.8"]

1. c4 {[%clk 0:15:09]} e5 {[%clk 0:15:06]} 2. Nc3 {[%clk 0:15:12]} d6
{[%clk 0:15:07]} 3. g3 {[%clk 0:15:15]} Be6 {[%clk 0:15:09]} 4. d3
{[%clk 0:15:12]} Nc6 {[%clk 0:15:12]} 5. Bg2 {[%clk 0:15:14]} Qd7
{[%clk 0:15:14]} 6. Rb1 {[%clk 0:15:09]} Nge7 {[%clk 0:15:02]} 7. b4
{[%clk 0:15:08]} g6 {[%clk 0:14:58]} 8. e3 {[%clk 0:15:01]} Bg7 {[%clk 0:15:00]}
9. Nge2 {[%clk 0:15:05]} Bh3 {[%clk 0:14:59]} 10. O-O {[%clk 0:14:44]} h5
{[%clk 0:14:51]} 11. Bd2 {[%clk 0:14:32]} h4 {[%clk 0:14:49]} 12. Qe1
{[%clk 0:14:15]} Bxg2 {[%clk 0:14:12]} 13. Kxg2 {[%clk 0:14:19]} hxg3
{[%clk 0:13:50]} 14. fxg3 {[%clk 0:12:54]} Qh3+ {[%clk 0:13:35]} 15. Kf3
{[%clk 0:12:58]} e4+ {[%clk 0:13:29]} 16. Kxe4 {[%clk 0:10:49]} Qg4+
{[%clk 0:13:26]} 17. Nf4 {[%clk 0:10:46]} f5# {[%clk 0:13:28]} 0-1